| 000 | 01123cam a2200253 4500 | ||
|---|---|---|---|
| 008 | 090401t2005 xxu||||| |||| 00| 0 eng d | ||
| 020 | _a9780117539549 | ||
| 035 | _a(Sirsi) u66390 | ||
| 041 | _aeng | ||
| 110 |
_aUnited Kingdom _bDepartment of the Environment _9982 |
||
| 245 |
_aPlanning Policy Statement 9 _bBiodiversity and Geological Conservation |
||
| 260 |
_aLondon _bTSO _c2005 |
||
| 490 |
_aPPG _v9 |
||
| 520 | _aPlanning Policy Statement 9 (PPS9) sets out planning policies on protection of biodiversity and geological conservation through the planning system. This replaces Planning Policy Guidance 9: Nature Conservation (PPG9) published in October 1994. (ISBN: 0117527874) | ||
| 650 | _aBIRDS DIRECTIVE | ||
| 650 | _aNATURAL HABITATS | ||
| 650 | _aNATURE CONSERVATION | ||
| 650 | _aPPG9 | ||
| 650 | _aRAMSAR SITES | ||
| 650 | _aSITES OF SPECIAL SCIENTIFIC INTEREST | ||
| 690 | _aENVIRONMENT AND LAND CONSULTANCY-PLANNING AND DEVELOPMENT | ||
| 856 | 4 | 0 |
_uhttps://www.communities.gov.uk/documents/planningandbuilding/pdf/147408.pdf _zView the item free of charge at www.communities.gov.uk |
| 942 | _n0 | ||
| 999 |
_c94853 _d94853 |
||